000 00639nam a2200181 a 4500
001 000040502
005 20201002034156.0
008 130826s2006 mx 000 0 spa d
020 _a9703201407
040 _aDO-SdBNP
_bspa
_cBNPHU
100 1 _aNoriega, Alfonso
_966811
245 1 3 _aLa Declaración de los Derechos del Hombre y la Constitución de 1857 /
_cAlfonso Noriega.
260 _aMéxico :
_bUniversidad Autónoma de México,
_c2006.
300 _a28 p. ;
_c22 cm.
490 1 _aEstudios jurídicos
_v28
500 _aIncluye referencias bibliográficas y notas al pie de las páginas
830 0 0 _aEstudios jurídicos
_n28
_966812
999 _c39992
_d39992